The Loneliness of Sonia and Sunny (Record no. 370782)

MARC details
000 -LEADER
fixed length control field 00506nam a22001937a 4500
005 - DATE AND TIME OF LATEST TRANSACTION
control field 20260325161622.0
008 - FIXED-LENGTH DATA ELEMENTS--GENERAL INFORMATION
fixed length control field 260325b |||||||| |||| 00| 0 eng d
020 ## - INTERNATIONAL STANDARD BOOK NUMBER
International Standard Book Number 978-0-670-08557-6
041 ## - LANGUAGE CODE
Language code of text/sound track or separate title English
082 ## - DEWEY DECIMAL CLASSIFICATION NUMBER
Edition number 1st 2025
Classification number X 823.92 DES B12842
100 ## - MAIN ENTRY--PERSONAL NAME
Author Desai, Kiran
245 ## - TITLE STATEMENT
Title The Loneliness of Sonia and Sunny
250 ## - EDITION STATEMENT
Edition statement 1st 2025
260 ## - PUBLICATION, DISTRIBUTION, ETC.
Place of publication, distribution, etc. Haryana
Name of publisher, distributor, etc. Penguin Random House
Date of publication, distribution, etc. 2025
300 ## - PHYSICAL DESCRIPTION
Extent 670p
Other physical details HB
365 ## - TRADE PRICE
Price type code Rupaye
Price amount 596
Currency code INR
500 ## - GENERAL NOTE
Keywords Novel
942 ## - ADDED ENTRY ELEMENTS (KOHA)
Koha item type Books
Holdings
Withdrawn status Lost status Source of classification or shelving scheme Damaged status Not for loan Home library Current library Date acquired Vendor Net Price Total Checkouts Full call number Barcode Date due Date last seen Date last checked out Actual Price Bill Date Koha item type Original Barcode
    Dewey Decimal Classification     Smt. Bakul Tambat Institute of Nursing Education Smt. Bakul Tambat Institute of Nursing Education 25/03/2026 Amazone 596.00 1 X 823.92 DES B12842 BTIN-BK-12842 21/09/2026 25/03/2026 25/03/2026 596.00 25/03/2026 Books BTIN-BK-12842